| 000 | 00840nam a2200253Ia 4500 | ||
|---|---|---|---|
| 003 | OSt | ||
| 005 | 20260112165951.0 | ||
| 008 | 220923b |||||||| |||| 00| 0 eng d | ||
| 020 | _a9780820462073 | ||
| 037 | _cGeneral Book | ||
| 040 |
_aRTL _cRTL _beng |
||
| 041 |
_2eng _aeng |
||
| 084 |
_aY:3(X:513), P3 _qRTL |
||
| 100 |
_aFrith Katherine Toland _9322854 |
||
| 245 | 0 | _aAdvertising and societies: global issues | |
| 260 |
_aNew York _bPeter Lang _c2003 |
||
| 300 |
_a305 p. : ill. _bIncludes bibliographical references and index. |
||
| 490 | _aDigital Formations. Vol.14. | ||
| 500 | _aBibliography Chapterwise | ||
| 650 |
_aSociology _9863984 |
||
| 700 |
_a Mueller Barbara _9322855 _eCo-author |
||
| 942 |
_hY:3(X:513), P3 _cGB _2CC _n0 |
||
| 999 |
_c632179 _d632179 |
||